000 00497nam a2200181Ia 4500
003 OSt
005 20260106120004.0
008 210210b1958 xxu||||| |||| 00| 0 eng d
040 _cAL
041 _aKannada
082 _a859/1539
100 _aRAMAMURTI (M)
_9155844
_dರಾಮಮೂರ್ತಿ (ಎಂ).
245 _aKadegu hudukide:
_bಕಡೆಗೂ ಹುಡುಕಿದೆ
260 _aBengaLUru
_b-
_c1958
690 _aKannada Fiction
_9155845
906 _a022268
942 _2ddc
_cBK
999 _c146411
_d146411